00330nam a2200133Ia 4500008004100000041000800041082001700049100001600066245003100082260002900113300000900142365001600151700002900167230718s9999 xx 000 0 und d aeng a621.815bKHU aKhurmi R.S. aTextbook Of Machine Design bEurasia Publishing House a1230 cRs.b550.00 aKhurmi R.S. & Gupta J.K.